LDR 00888naa#a2200169#i#450# 001 RU\INFRA-M\bibl\106389 005 20260430184131.4 011 ## _a2500-0519 100 ## _a20250930b2025####ek#y0rusy0150####ca 102 ## _aRU 200 1# _aФилософско-художественная интерпретация цикличности в произведениях И.А. Бунина _eЖурнальная статья 210 1# _aМосква _cОбщество с ограниченной ответственностью «Научно-издательский центр ИНФРА-М» _d2025 215 ## _a3 с. 608 ## _aЖурнальная статья _2local 675 ## _aЛингвистика. Языкознание. Языки. 81 _aХудожественная литература. Литературоведение. 82 _z 700 #1 _aКадирова _gО. Х. 856 4# _anaukaru.ru _u